Tự học tiếng Hàn dành cho người mới bắt đầu

Saved in:
Bibliographic Details
Main Author: Tuyết Mai
Language:Undetermined
Published: Hà Nội Hồng Đức 2018
Subjects:
Tags: Add Tag
No Tags, Be the first to tag this record!
Institutions: Trung tâm Học liệu Trường Đại học Trà Vinh
LEADER 00645nam a2200241Ia 4500
001 TVU_32068
008 210423s9999 xx 000 0 und d
020 |a 9786048927578 
041 |a Vie 
082 |a 495.78 
082 |b M103 
100 |a Tuyết Mai 
245 0 |a Tự học tiếng Hàn dành cho người mới bắt đầu 
245 0 |c Tuyết Mai (chủ biên) 
260 |a Hà Nội 
260 |b Hồng Đức 
260 |c 2018 
300 |a 211 tr. 
300 |b hình vẽ 
300 |c 21 cm 
650 |a Tiếng Triều Tiên; Hàn ngữ 
700 |a Tuyết Mai  
980 |a Trung tâm Học liệu Trường Đại học Trà Vinh